Sports Quiz

Random Sports or NFL Quiz

Super Bowl XLVII (49ers vs. Ravens) Quiz Stats

Quiz Updated Feb 8, 2016

Challenge
Share
Tweet
Embed
Score 0/32 Timer 07:00
6 Plays Today
% Correct
San Francisco
95.5%
Baltimore
93.3%
National Football League
89.3%
Sunday
89.2%
Four
88.5%
Super Bowl 47
87.4%
Jim Harbaugh
87.2%
John Harbaugh
87%
New Orleans, Louisiana
86.5%
Joe Flacco
86.4%
CBS
85.8%
NFC West
83.8%
Arizona Cardinals, St. Louis Rams, Seattle Seahawks
83.7%
Ray Rice
83.1%
Vince Lombardi Trophy
82.7%
Cincinnati Bengals, Cleveland Browns, Pittsburgh Steelers
81.9%
% Correct
AFC North
80.4%
Super Bowl XXXV (2001)
79.9%
Beyoncé
79.1%
Frank Gore
78.9%
Mercedes-Benz Superdome
78%
Colin Kaepernick
77.9%
Super Bowl XXIX (1995)
74.3%
February 3, 2013
72%
Candlestick Park
66.6%
Twenty-two
61.6%
Los Angeles, California
53.9%
Jonathan Ogden (2013)
34%
M&T Bank Stadium
24.6%
Jed York
12.6%
Steve Bisciotti
7.5%
Larry Allen (2013)
5.3%

You're not logged in!

Compare scores with friends on all Sporcle quizzes.
Sign Up with Email
OR
Log In

You Might Also Like...

Show Comments

Extras

Top Quizzes Today


Score Distribution

Your Account Isn't Verified!

In order to create a playlist on Sporcle, you need to verify the email address you used during registration. Go to your Sporcle Settings to finish the process.